Top 10 Tea Consumers - Statistics

General Stats
  • This quiz has been taken 44 times
  • The average score is 4 of 10
Answer Stats
# Conspercapita Country % Correct
10 644 UK
97%
1 1,656 Turkey
59%
4 840 Russia
51%
6 821 Ireland
49%
8 686 Iran
46%
9 679 Egypt
28%
2 1,113 Morocco
28%
7 778 New Zealand
23%
5 830 Kazakhstan
15%
3 982 Uzbekistan
15%
No matching quizzes found
Score Distribution
Percent of People with Each Score
Percentile by Number Answered
Your Score History
You have not taken this quiz